[Event "Staatsliga B West 1998/99"]
[Site "masterchessopen.com Austria"]
[Round "3"]
[White "Maier Peter (AUT)"]
[Black "Hoellrigl Wilfried (AUT)"]
[Result "0-1"]
[WhiteElo "2156"]
[BlackElo "2186"]

1.d4 Nf6 2.c4 g6 3.Nc3 Bg7 4.e4 d6 5.Be2 O-O 6.Bg5 h6 7.Be3 c5 8.d5 Qa5 9.Qd2
Kh7 10.f3 a6 11.g4 h5 12.h4 Nbd7 13.Nh3 Rb8 14.Nf4 b5 15.gxh5 gxh5 16.Rg1 Ne5
17.Ne6 fxe6 18.Rxg7+ Kxg7 19.Bh6+ Kf7 20.Bxf8 Kxf8 21.Qh6+ Ke8 22.Qh8+ Kd7
23.dxe6+ Kc7 24.Qg7 Nc6 25.cxb5 axb5 26.O-O-O Bxe6 27.Nd5+ Bxd5 28.exd5 Nd4
29.Qxe7+ Nd7 30.Kb1 {#R} 0-1

[Event "It (open)"]
[Site "masterchessopen.com Bad Wiessee (Germany)"]
[Round "5"]
[White "Stimpel Franz (GER)"]
[Black "Grosser Walter (GER)"]
[Result "1-0"]
[WhiteElo "2179"]
[BlackElo "2121"]

1.d4 Nf6 2.c4 g6 3.Nc3 Bg7 4.e4 d6 5.Be2 O-O 6.Bg5 h6 7.Be3 e5 8.d5 c6 9.h4
Na6 10.h5 g5 11.f3 cxd5 12.cxd5 Bd7 13.g4 Qa5 14.a3 Rfc8 15.Nh3 Qd8 16.Nf2 Nc5
17.b4 Na6 18.Qd2 Qe8 19.O-O Nc7 20.Rfc1 Nb5 21.Bxb5 Bxb5 22.a4 Bd7 23.a5 a6
24.Qe2 Bf8 25.Nfd1 Qd8 26.Nb2 Qe8 27.Kf2 Kh7 28.Nc4 Rxc4 29.Qxc4 Rc8 30.Qe2
Bxg4 31.fxg4 Rxc3 32.Rxc3 Nxe4+ 33.Kg2 Nxc3 34.Qd3+ f5 35.Qxc3 fxg4 36.Qc2+
Kh8 37.Qf5 {#r} 1-0

[Event "It (cat.7)"]
[Site "masterchessopen.com Budapest (Hungary)"]
[Round "3"]
[White "Horvath Csaba (HUN)"]
[Black "Karatorossian David (ARM)"]
[Result "1-0"]
[WhiteElo "2540"]
[BlackElo "2395"]

1.d4 Nf6 2.c4 g6 3.Nc3 Bg7 4.e4 d6 5.Be2 O-O 6.Bg5 h6 7.Be3 Nbd7 8.Qd2 c5 9.d5
Kh7 10.Nf3 Rh8 11.h3 a6 12.O-O Rb8 13.Qc2 Qa5 14.a3 Ne8 15.b4 Qc7 16.Rab1 e5
17.dxe6 fxe6 18.bxc5 dxc5 19.Bd3 e5 20.Nd5 Qd6 21.a4 b6 22.Rb3 Nc7 23.Rfb1 a5
24.Be2 Na6 25.Rd3 Qe6 26.Rbd1 Qf7 27.Qb1 Nb4 28.R3d2 Bb7 29.Nc3 Rbd8 {#r} 1-0

[Event "It (open) \"]
[Site "masterchessopen.com Budapest (Hungary)"]
[Round "2"]
[White "Hoang Thanh Trang (HUN)"]
[Black "Pesztericz Laszlo (HUN)"]
[Result "1-0"]
[WhiteElo "2350"]
[BlackElo "2130"]

1.d4 Nf6 2.c4 g6 3.Nc3 Bg7 4.e4 d6 5.Be2 O-O 6.Bg5 h6 7.Be3 c5 8.d5 e6 9.Qd2
exd5 10.exd5 Kh7 11.h3 a6 12.a4 Qe7 13.Bd3 Nbd7 14.Nf3 Ne5 15.Nxe5 Qxe5 16.O-O
Qh5 17.Bf4 Rd8 18.Rfe1 Bf8 19.Re3 Bd7 20.Bg3 Qg5 21.h4 Qg4 22.Ne4 Ne8 23.Rf3
Bg7 24.Rxf7 Bf5 25.f3 Qh5 26.Re1 Kg8 27.Rxb7 Rab8 28.Rxb8 Rxb8 29.Nc3 Bd4+
30.Kh2 Ng7 31.Be4 Rf8 32.Ne2 Be5 33.Nf4 Bxf4 34.Qxf4 Bc8 35.Qxd6 Bf5 36.Kg1
Bxe4 37.Rxe4 Nf5 38.Qe6+ Rf7 39.Rg4 Nxg3 40.Rxg6+ {#r} 1-0

[Event "Memorial Elekes (b)"]
[Site "masterchessopen.com Budapest (Hungary)"]
[Round "0"]
[White "Kovacs Janos (HUN)"]
[Black "Nguyen Thi Thanh An (VIE)"]
[Result "1-0"]
[WhiteElo "2129"]
[BlackElo "2115"]

1.d4 Nf6 2.c4 g6 3.Nc3 Bg7 4.e4 d6 5.Be2 O-O 6.Bg5 h6 7.Be3 e5 8.d5 a5 9.g4
Kh7 10.f3 Ng8 11.h4 Qe8 12.h5 g5 13.c5 Na6 14.cxd6 cxd6 15.Na4 b5 16.Nb6 Rb8
17.Qd2 b4 18.Rc1 Nc5 19.Nc4 Nb7 20.Bb6 Bd7 21.Bc7 Qe7 22.Bxb8 Rxb8 23.Qe3 Bf8
24.Nh3 Bb5 25.Nf2 Bxc4 26.Rxc4 Nf6 27.Qb6 Qe8 28.Rc7 Nd7 29.Qc6 Nbc5 30.O-O
Rb6 31.Rc8 Qe7 32.Qa8 a4 33.Re8 Qf6 34.Rxf8 Nxf8 35.Qxf8 Qf4 36.Kg2 b3 37.a3
Qf6 38.Qc8 Kg7 39.Nh1 {#r} 1-0

[Event "Cup Doeberl"]
[Site "masterchessopen.com Canberra (Australia)"]
[Round "1"]
[White "Johansen Darryl K (AUS)"]
[Black "Chambers Matthew (AUS)"]
[Result "1-0"]
[WhiteElo "2490"]
[BlackElo "2094"]

1.c4 Nf6 2.Nc3 g6 3.e4 d6 4.d4 Bg7 5.Be2 O-O 6.Bg5 h6 7.Be3 e5 8.d5 Na6 9.Qd2
Nc5 10.f3 a5 11.O-O-O h5 12.h4 Bd7 13.Nh3 Qe7 14.Nf2 Rfc8 15.g4 c6 16.Bg5 b5
17.dxc6 Be6 18.Nd5 Nxd5 19.cxd5 {#r} 1-0

[Event "Czech League 1998/99 (2nd) (a)"]
[Site "masterchessopen.com Czech Republic"]
[Round "0"]
[White "Krouzel Jaroslav (CZE)"]
[Black "Hitzgerova Gabriela (CZE)"]
[Result "1-0"]
[WhiteElo "2310"]
[BlackElo "2210"]

1.d4 Nf6 2.c4 g6 3.Nc3 Bg7 4.e4 d6 5.Bg5 O-O 6.Be2 h6 7.Bh4 Nbd7 8.f4 e5
9.fxe5 dxe5 10.d5 a5 11.Nf3 Nc5 12.Nd2 Qd7 13.O-O Ne8 14.Bf2 Qe7 15.Nb3 Nxb3
16.Qxb3 Kh8 17.c5 f5 18.Rad1 Nf6 19.d6 Qd8 20.exf5 gxf5 21.Bh4 c6 22.Na4 Ra7
23.Bxf6 Bxf6 24.d7 Bxd7 25.Nb6 a4 26.Qh3 Rf7 27.Nxd7 Rxd7 28.Qxh6+ {#r} 1-0

[Event "It (open) (a)"]
[Site "masterchessopen.com Eforie Nord (Romania)"]
[Round "0"]
[White "Frasineanu Marius (ROM)"]
[Black "Lokchin Anatoli"]
[Result "0-1"]
[WhiteElo "2219"]
[BlackElo "2000"]

1.d4 Nf6 2.c4 g6 3.Nc3 Bg7 4.e4 O-O 5.Be2 d6 6.Bg5 h6 7.Be3 e5 8.d5 Na6 9.h4
Nc5 10.Qc2 a5 11.h5 g5 12.f3 g4 13.O-O-O Bd7 14.Bd3 Nh7 15.Nge2 a4 16.Ng3 Ng5
17.fxg4 Bxg4 18.Rdf1 Bf6 19.Be2 Bd7 20.Nf5 Kh7 21.Bg4 Bxf5 22.Bxf5+ Kg7 23.Kb1
Ra5 24.Rf2 Be7 25.Rhf1 Qa8 26.Bxc5 dxc5 27.a3 Qa6 28.Qd1 Qxc4 29.Qe2 Qb3
30.Qg4 Qb6 31.Bd7 c6 32.d6 Bxd6 33.Qf5 Qd8 34.Be6 Nxe6 {#R} 0-1

[Event "It (open)"]
[Site "masterchessopen.com Finkenstein (Austria)"]
[Round "0"]
[White "Krizsany Laszlo (HUN)"]
[Black "Kiss Judit (HUN)"]
[Result "1-0"]
[WhiteElo "2405"]
[BlackElo "2041"]

1.d4 Nf6 2.c4 g6 3.Nc3 d6 4.e4 Bg7 5.Be2 O-O 6.Bg5 h6 7.Be3 Nbd7 8.Qd2 Kh7
9.f3 e5 10.d5 a6 11.g4 Ng8 12.h4 Qe7 13.O-O-O f5 14.h5 f4 15.Bf2 g5 16.Nh3
Ngf6 17.b3 Nxg4 18.fxg4 f3 19.Bd3 Nf6 20.Rdg1 Bxg4 21.Nd1 Bd7 22.Bg3 g4
23.Nhf2 Qf7 24.Ne3 Nxh5 25.Nexg4 Qg6 26.Bh4 Nf4 27.Nxe5 Qxg1+ 28.Rxg1 Bxe5
29.Bf1 Ne2+ 30.Bxe2 Bf4 31.Bd3 Bxd2+ 32.Kxd2 Rae8 33.e5+ Bf5 34.e6 Bxd3
35.Kxd3 Rf5 36.Ne4 {#r} 1-0

[Event "Memorial Arnold J. Eikrem (open)"]
[Site "masterchessopen.com Gausdal (Norway)"]
[Round "3"]
[White "Borchgrevink Harald (NOR)"]
[Black "Kraidman Yair (ISR)"]
[Result "0-1"]
[WhiteElo "2287"]
[BlackElo "2335"]

1.d4 Nf6 2.c4 g6 3.Nc3 Bg7 4.e4 d6 5.Be2 O-O 6.Bg5 h6 7.Be3 c6 8.Qd2 Kh7
9.O-O-O Qa5 10.f3 a6 11.a3 b5 12.Nb1 Qc7 13.h4 bxc4 14.Bxc4 d5 15.Bd3 dxe4
16.fxe4 e5 17.Nf3 Nbd7 18.Nc3 Ng4 19.h5 g5 20.Qe2 Nxe3 21.Qxe3 Kg8 22.Kb1 exd4
23.Nxd4 Ne5 24.Be2 Rb8 25.Rhf1 Ng4 26.Qc1 Rd8 27.Nxc6 Rxd1 28.Nxd1 Bb7 29.Bxg4
Bxc6 30.Bf5 Qb7 31.Qc2 Rd8 32.Re1 Ba4 {#R} 0-1

[Event "Bundesliga 1997/98 (w)"]
[Site "masterchessopen.com Germany"]
[Round "0"]
[White "Eckhardt Claudia (GER)"]
[Black "Ulms Sandra (GER)"]
[Result "0-1"]
[WhiteElo "2164"]
[BlackElo "2159"]

1.d4 Nf6 2.c4 g6 3.Nc3 Bg7 4.e4 d6 5.Be2 O-O 6.Bg5 h6 7.Be3 c5 8.d5 e6 9.Nf3
exd5 10.cxd5 a6 11.a4 Nbd7 12.O-O Qe7 13.Nd2 Ne5 14.f3 b6 15.Nc4 Nxc4 16.Bxc4
Nd7 17.Re1 Ne5 18.Be2 g5 19.Qd2 Ng6 20.Rab1 f5 21.b4 f4 22.Bf2 Ne5 23.bxc5
bxc5 24.Rec1 g4 25.Na2 Qg5 26.fxg4 Bxg4 27.Rb3 Bxe2 28.Qxe2 f3 29.Qf1 Ng4
30.h4 Qg6 31.Rc4 fxg2 {#R} 0-1

[Event "Oberliga East 1997/98"]
[Site "masterchessopen.com Germany"]
[Round "0"]
[White "Nestler Reiner (GER)"]
[Black "Zesch Ludwig (GER)"]
[Result "1-0"]
[WhiteElo "2126"]
[BlackElo "2284"]

1.d4 Nf6 2.c4 g6 3.Nc3 Bg7 4.e4 d6 5.Be2 O-O 6.Bg5 h6 7.Bh4 Nbd7 8.f4 c5 9.d5
Ne8 10.Nf3 a6 11.O-O Nc7 12.a4 Rb8 13.Qd2 Re8 14.e5 dxe5 15.d6 Ne6 16.Bxe7 Qa5
17.fxe5 Nd4 18.Rae1 Nxf3+ 19.Bxf3 Nxe5 20.Rxe5 Bxe5 21.d7 Bxd7 22.Qxd7 Qb6
23.Bd5 Bd4+ 24.Kh1 Qxb2 25.Rxf7 {#r} 1-0

[Event "VK2 Ruhrgebiet 1998/99"]
[Site "masterchessopen.com Germany"]
[Round "2"]
[White "Servaty Rudolf (GER)"]
[Black "Meyer Oliver (GER)"]
[Result "0-1"]
[WhiteElo "2141"]
[BlackElo "2097"]

1.d4 Nf6 2.c4 g6 3.Nc3 Bg7 4.e4 d6 5.Be2 O-O 6.Bg5 h6 7.Be3 c5 8.d5 b5 9.cxb5
a6 10.Nf3 axb5 11.Bxb5 Qa5 12.Bd3 Ba6 13.Bxa6 Nxa6 14.O-O Nd7 15.Qc1 Kh7
16.Nd2 Ne5 17.Nb3 Qc7 18.Qd1 Rfb8 19.Qe2 c4 20.Nd4 Nd3 21.Rab1 Nac5 22.f4 Na4
23.Nxa4 Rxa4 24.b3 Ra3 25.Nc6 cxb3 26.axb3 Rbxb3 27.Rxb3 Rxb3 28.f5 Nb4
29.fxg6+ fxg6 30.Nd4 Rd3 31.Rf7 Qc3 32.Ne6 Rxe3 33.Rxg7+ Kh8 {#R} 0-1

[Event "It (open)"]
[Site "masterchessopen.com Goteborg (Sweden)"]
[Round "2"]
[White "Hutters Tomas (DEN)"]
[Black "Bekker-Jensen David (DEN)"]
[Result "1-0"]
[WhiteElo "2410"]
[BlackElo "2255"]

1.c4 Nf6 2.Nc3 g6 3.e4 d6 4.d4 Bg7 5.Be2 O-O 6.Bg5 h6 7.Be3 Nbd7 8.f3 c5 9.d5
Qa5 10.Bd2 Qb6 11.Qc1 Kh7 12.Nh3 Ne5 13.Nf2 h5 14.h3 e6 15.f4 Ned7 16.O-O exd5
17.cxd5 Re8 18.Bf3 Qc7 19.g4 hxg4 20.hxg4 Kg8 21.Kg2 a6 22.Ne2 b5 23.Bc3 b4
24.Bxb4 a5 25.Bc3 Ba6 26.Re1 Re7 27.g5 Ne8 28.Bxg7 Nxg7 29.Ng4 Nh5 30.Nh6+ Kh7
31.Bxh5 gxh5 32.Ng3 f6 33.Nhf5 Rf7 34.Qd1 {#r} 1-0

[Event "Ch World (seniors) (w)"]
[Site "masterchessopen.com Grieskirchen (Austria)"]
[Round "8"]
[White "Zatulovskaya Tatiana (ISR)"]
[Black "Blagonadezhnaya Ideya (RUS)"]
[Result "1-0"]
[WhiteElo "2170"]
[BlackElo "1898"]

1.d4 g6 2.e4 d6 3.c4 Bg7 4.Nc3 Nf6 5.Be2 O-O 6.Bg5 h6 7.Be3 c6 8.Qd2 Kh7 9.f3
Nbd7 10.Nh3 e5 11.d5 c5 12.Nf2 Ne8 13.g4 Ndf6 14.h4 Ng8 15.O-O-O Bd7 16.Kb1 a6
17.Nh3 Rb8 18.Ng5+ Kh8 19.h5 Qf6 20.hxg6 fxg6 21.Ne6 Bxe6 22.g5 Qe7 23.gxh6
Bf6 24.h7 Bf7 25.Rdg1 Bg7 26.hxg8=Q+ Kxg8 27.Bf1 Nc7 28.Bg5 Bf6 29.Qh2 Be8
30.Bxf6 Rxf6 31.Qh8+ {#r} 1-0

[Event "Ch Russia (juniors) (under 18)"]
[Site "masterchessopen.com Kolontaevo (Russia)"]
[Round "3"]
[White "Gitkis Dmitry (RUS)"]
[Black "Zudov Oleg (RUS)"]
[Result "1-0"]
[WhiteElo "2171"]
[BlackElo "2356"]

1.d4 Nf6 2.c4 g6 3.Nc3 Bg7 4.e4 d6 5.Be2 O-O 6.Bg5 h6 7.Bf4 Nc6 8.d5 e5 9.Be3
Ne7 10.f3 Nh5 11.Qd2 Kh7 12.g4 Nf4 13.Bf1 f5 14.h3 c5 15.Nge2 Nxe2 16.Bxe2 a6
17.a3 Ng8 18.b4 fxe4 19.Nxe4 b6 20.O-O Nf6 21.Nxf6+ Qxf6 22.bxc5 bxc5 23.Rab1
Ra7 24.Rb6 Raf7 25.Kg2 Qd8 26.Rfb1 e4 27.f4 Bd4 28.Bxd4 cxd4 29.Qxd4 Rxf4
30.Rf1 Rxf1 31.Bxf1 h5 32.Be2 Rf7 33.Rb3 Qh4 34.Rg3 Re7 35.c5 dxc5 36.Qxc5 Bb7
{#r} 1-0

[Event "Ch Milanowek"]
[Site "masterchessopen.com Milanowek (Poland)"]
[Round "0"]
[White "Grzelak Artur (POL)"]
[Black "Kowalska Elzbieta (POL)"]
[Result "1-0"]
[WhiteElo "2226"]
[BlackElo "1927"]

1.d4 Nf6 2.c4 g6 3.Nc3 Bg7 4.e4 d6 5.Be2 O-O 6.Bg5 h6 7.Be3 Kh7 8.h3 Na6 9.Nf3
c5 10.d5 Bd7 11.g4 Rh8 12.Qc2 Rb8 13.e5 dxe5 14.Nxe5 Be8 15.Rd1 Kg8 16.a3 Qa5
17.O-O Nd7 18.Nd3 Qd8 19.Bf4 Ra8 20.Bf3 Qc8 21.Rfe1 Bf6 22.Ne4 g5 23.Bh2 Nf8
24.Ne5 h5 25.d6 Bc6 26.Nxc6 bxc6 27.Nxf6+ exf6 28.Re7 Ng6 29.d7 Qf8 30.Re3 Nh4
31.Bxc6 Rd8 32.Re8 {#r} 1-0

[Event "It (open)"]
[Site "masterchessopen.com Minsk (Belarus)"]
[Round "4"]
[White "Zakharevich Igor (RUS)"]
[Black "Salinnikov Denis Y (RUS)"]
[Result "0-1"]
[WhiteElo "2520"]
[BlackElo "2485"]

1.d4 Nf6 2.c4 g6 3.Nc3 Bg7 4.e4 d6 5.Be2 O-O 6.Bg5 h6 7.Be3 e5 8.d5 c6 9.Qd2
b5 10.f3 b4 11.Nd1 a5 12.Nf2 Nh5 13.Bxh6 Na6 14.Bg5 f6 15.Be3 f5 16.exf5 gxf5
17.Bg5 Qe8 18.Ngh3 cxd5 19.Qxd5+ Be6 20.Qxd6 Nf4 21.Nxf4 exf4 22.O-O Bxb2
23.Rab1 Bg7 24.Bd3 Qd7 25.Qxf4 Qd4 26.Rfe1 Nc5 27.Bf1 a4 28.Qc1 b3 29.Qa3 Rfc8
30.Be3 Qe5 31.Bxc5 Qxc5 32.Qxc5 Rxc5 33.axb3 a3 34.Nd3 a2 35.Ra1 Bxa1 36.Rxa1
Ra3 37.Kf2 Rxb3 {#R} 0-1

[Event "Ch Moscow (open)"]
[Site "masterchessopen.com Moscow (Russia)"]
[Round "6"]
[White "Afanasiev Vadim (RUS)"]
[Black "Korotylev Alexey (RUS)"]
[Result "0-1"]
[WhiteElo "2315"]
[BlackElo "2465"]

1.d4 g6 2.c4 Bg7 3.Nc3 d6 4.e4 Nf6 5.Be2 O-O 6.Bg5 h6 7.Be3 c5 8.d5 e6 9.h3
exd5 10.exd5 Re8 11.Nf3 Bf5 12.g4 Bd7 13.Qd2 Kh7 14.Bd3 b5 15.cxb5 a6 16.bxa6
Nxa6 17.Kf1 Nb4 18.Be2 Bc8 19.Kg2 Bb7 20.Bc4 Ne4 21.Nxe4 Rxe4 22.Bb3 Ba6 23.a3
Nd3 24.Rab1 Qd7 25.Nh2 Qb7 26.Bc2 Qxd5 27.f3 Re6 28.Bxd3 Bxd3 29.Rbd1 c4
30.Rhe1 Qb5 31.Bf4 d5 32.Rxe6 fxe6 33.Qe3 Qxb2+ 34.Rd2 Qd4 {#R} 0-1

[Event "Ch Moscow (open)"]
[Site "masterchessopen.com Moscow (Russia)"]
[Round "6"]
[White "Leontiev Aleksandr V (RUS)"]
[Black "Cherniak Anton S (RUS)"]
[Result "1-0"]
[WhiteElo "2340"]
[BlackElo "2256"]

1.c4 g6 2.e4 Bg7 3.d4 d6 4.Nc3 Nf6 5.Be2 O-O 6.Bg5 h6 7.Be3 Nbd7 8.Qd2 c5 9.d5
Qa5 10.Bxh6 Bxh6 11.Qxh6 Nxe4 12.Rc1 Ndf6 13.h4 Qb4 14.Bf3 Bf5 15.Ne2 Qxb2
16.h5 g5 17.O-O g4 18.Bxe4 Nxe4 19.Qf4 Nxc3 20.Nxc3 Bh7 21.Qg5+ Kh8 22.Qxe7
Qd2 23.Qf6+ Kg8 24.Rfd1 {#r} 1-0

[Event "Ch Germany (juniors) (under 13)"]
[Site "masterchessopen.com Oberhof (Germany)"]
[Round "7"]
[White "Seifert Volker (GER)"]
[Black "Meinhardt Maximilian (GER)"]
[Result "1-0"]
[WhiteElo "2319"]
[BlackElo "2391"]

1.d4 Nf6 2.c4 g6 3.Nc3 Bg7 4.e4 d6 5.Be2 O-O 6.Bg5 h6 7.Be3 e5 8.d5 Bd7 9.h4
Qe7 10.h5 g5 11.g4 Nh7 12.f3 Rd8 13.Bd3 a6 14.Nge2 Bf8 15.Ng3 Bg7 16.O-O Nf6
17.Qe2 Bf8 18.b4 b6 19.Rfc1 a5 20.a3 axb4 21.axb4 Na6 22.Qb2 Rdb8 23.c5 Bc8
24.c6 {#r} 1-0

[Event "It"]
[Site "masterchessopen.com Paris (France)"]
[Round "9"]
[White "Gervasio Ricardo (BRA)"]
[Black "Le Quang Kim (BEL)"]
[Result "1-0"]
[WhiteElo "2310"]
[BlackElo "2345"]

1.d4 Nf6 2.c4 g6 3.Nc3 Bg7 4.e4 d6 5.Be2 O-O 6.Bg5 h6 7.Be3 Nbd7 8.h4 c5 9.d5
Ne5 10.h5 g5 11.f3 Kh7 12.g4 Rg8 13.Nh3 Bh8 14.Nf2 a6 15.O-O Bd7 16.a4 Qa5
17.Nh1 Qb4 18.Qc2 b5 19.axb5 axb5 20.cxb5 Rgb8 21.Ng3 Kg8 22.Kg2 c4 23.b6 Rxa1
24.Rxa1 Rxb6 25.Bxb6 Qxb6 26.Ra8+ Kh7 27.Nd1 Qb7 28.Ra3 Bb5 29.Nf5 Nfd7 30.Nd4
Nc5 31.Nxb5 Qxb5 32.Nf2 Nb3 33.Bxc4 Nxc4 34.Rxb3 Qc5 35.e5+ Kg7 36.exd6 Ne3+
37.Rxe3 Qxc2 38.dxe7 {#r} 1-0

[Event "Ch Croatia (team) (2nd league) (juniors)"]
[Site "masterchessopen.com Pula (Croatia)"]
[Round "7"]
[White "Tonkovic Josip (CRO)"]
[Black "Kovacic Mario (CRO)"]
[Result "1-0"]
[WhiteElo "2102"]
[BlackElo "2030"]

1.d4 Nf6 2.c4 g6 3.Nc3 Bg7 4.e4 d6 5.Be2 O-O 6.Bg5 h6 7.Be3 e5 8.d5 Ne8 9.Qd2
g5 10.h4 f6 11.Bh5 f5 12.exf5 Bxf5 13.hxg5 hxg5 14.Bxg5 Bf6 15.Bh6 Bg7 16.Bxe8
Qxe8 17.Nf3 Nd7 18.Nh4 Qh5 19.Bxg7 Kxg7 20.Nxf5+ Qxf5 21.Qh6+ Kg8 22.Qh8+ Kf7
23.Qh7+ Qxh7 24.Rxh7+ Ke8 25.Ke2 Rc8 26.Rah1 Nf6 27.Rg7 Nd7 28.Ne4 Nf6
29.Nxf6+ Rxf6 30.Rh8+ Rf8 31.Rhh7 Kd8 32.Rd7+ {#r} 1-0

[Event "It (open)"]
[Site "masterchessopen.com Rhein an Main (Germany)"]
[Round "2"]
[White "Kunze Kerstin (GER)"]
[Black "Wenzel Hans Peter (GER)"]
[Result "1-0"]
[WhiteElo "2136"]
[BlackElo "2100"]

1.d4 Nf6 2.c4 g6 3.Nc3 Bg7 4.e4 d6 5.Be2 O-O 6.Bg5 h6 7.Be3 Nbd7 8.Qd2 c5 9.d5
Kh7 10.f4 Qa5 11.a4 Nb6 12.e5 dxe5 13.fxe5 Ng4 14.Nf3 Qb4 15.Nd1 Qxd2+ 16.Kxd2
Nxe5 17.Nxe5 Bxe5 18.Bxc5 Bf5 19.Ne3 Bxb2 20.Nxf5 Bxa1 21.Bxe7 Rfc8 22.Rxa1
gxf5 23.Rc1 Nxa4 24.c5 Rc7 {#r} 1-0

[Event "Tournament (team)"]
[Site "masterchessopen.com Romania"]
[Round "4"]
[White "Voiteanu Gabriel (ROM)"]
[Black "Irodenka Robert-Ovidiu (ROM)"]
[Result "0-1"]
[WhiteElo "2293"]
[BlackElo "2148"]

1.d4 Nf6 2.c4 g6 3.Nc3 Bg7 4.e4 d6 5.Be2 O-O 6.Bg5 h6 7.Be3 Nc6 8.Qd2 e5 9.d5
Nd4 10.Bxd4 exd4 11.Qxd4 Re8 12.Qd3 Nd7 13.f3 Nc5 14.Qd2 f5 15.exf5 Bxf5
16.O-O-O g5 17.Re1 Nd3+ 18.Bxd3 Rxe1+ 19.Qxe1 Bxd3 20.b3 Qf6 21.Kb2 Kf8 22.Qd2
Bf1 23.h4 gxh4 24.Kc2 Re8 25.a3 Bxg2 26.Rh2 h3 27.Nge2 Qxf3 28.Qf4+ Qxf4
29.Nxf4 Re3 30.Nd1 Rg3 31.Ne6+ Kf7 32.Nxg7 Kxg7 33.Nf2 Bf1 34.Rh1 Bg2 35.Rh2
Kg6 36.Nd3 Be4 {#R} 0-1

[Event "Ch World (universities) (w)"]
[Site "masterchessopen.com Rotterdam (Netherlands)"]
[Round "1"]
[White "Wang Lei (CHN)"]
[Black "Davoudifar Pantea (IRI)"]
[Result "1-0"]
[WhiteElo "2445"]
[BlackElo "2052"]

1.d4 Nf6 2.c4 g6 3.Nc3 Bg7 4.e4 d6 5.Be2 O-O 6.Bg5 h6 7.Be3 Nbd7 8.Qd2 Kh7
9.f3 c5 10.d5 Qa5 11.Nh3 a6 12.Nf2 Rb8 13.a4 Ne5 14.O-O Qd8 15.f4 Neg4 16.Bxg4
Bxg4 17.e5 Nxd5 18.Nxg4 Nxe3 19.Qxe3 h5 20.Nf2 dxe5 21.fxe5 Qd4 22.Qxd4 cxd4
23.Nd5 Bxe5 24.Nd3 f6 25.Nxe7 Rbe8 26.Nd5 Kg7 27.a5 Rf7 28.Rae1 Rd7 29.Nxf6
Bxf6 30.Rxe8 Bg5 31.Nc5 {#r} 1-0

[Event "Memorial A.Petrov"]
[Site "masterchessopen.com St. Petersburg (Russia)"]
[Round "6"]
[White "Yakovich Yuri (RUS)"]
[Black "Zakharevich Igor (RUS)"]
[Result "1-0"]
[WhiteElo "2560"]
[BlackElo "2520"]

1.d4 Nf6 2.c4 g6 3.Nc3 Bg7 4.e4 d6 5.Be2 O-O 6.Bg5 h6 7.Be3 e5 8.d5 Na6 9.Qd2
Nc5 10.f3 a5 11.O-O-O Kh7 12.g4 Rh8 13.h4 h5 14.Bg5 hxg4 15.h5 Kg8 16.fxg4 Bd7
17.Bf3 Qc8 18.h6 Nxg4 19.hxg7 Rxh1 20.Bxh1 f6 21.Be3 Nxe3 22.Qxe3 Kxg7 23.Bg2
Qh8 24.Bh3 Bxh3 25.Nxh3 Qh4 26.Nf2 Rh8 27.Nb5 Qh6 28.Qxh6+ Rxh6 29.Nxc7 Kf7
30.Kd2 f5 31.Nb5 Ke7 32.Nc3 Kf6 33.Ke3 Rh4 34.Rh1 Rxh1 35.Nxh1 b6 36.Nf2 Kg5
37.Nb5 Nb7 38.Kf3 {#r} 1-0

[Event "Memorial A.Petrov"]
[Site "masterchessopen.com St. Petersburg (Russia)"]
[Round "3"]
[White "Zakharevich Igor (RUS)"]
[Black "Nikolaev Nikita (RUS)"]
[Result "1-0"]
[WhiteElo "2520"]
[BlackElo "2325"]

1.d4 Nf6 2.c4 g6 3.Nc3 Bg7 4.e4 d6 5.Be2 O-O 6.Bg5 h6 7.Be3 c5 8.e5 Nh7 9.exd6
cxd4 10.dxe7 Qxe7 11.Bxd4 Bxd4 12.Qxd4 Nc6 13.Qd2 Be6 14.Kf1 Rad8 15.Qxh6 Nd4
16.b3 Bf5 17.Nd5 Qe6 18.Qd2 Nxe2 19.Nxe2 Rfe8 20.Nef4 Qd6 21.f3 Be6 22.Qd4 g5
23.Nh5 Qf8 24.Kf2 f6 25.Nhxf6+ Nxf6 26.Nxf6+ Kf7 27.Nd5 {#r} 1-0

[Event "Ch Poland (juniors) (under 20)"]
[Site "masterchessopen.com Trzebinia (Poland)"]
[Round "4"]
[White "Szczechowicz Bartosz (POL)"]
[Black "Antoniewski Rafal (POL)"]
[Result "0-1"]
[WhiteElo "2200"]
[BlackElo "2430"]

1.d4 Nf6 2.c4 g6 3.Nc3 Bg7 4.e4 d6 5.Be2 O-O 6.Bg5 h6 7.Be3 Nbd7 8.Qd2 c5 9.d5
Kh7 10.Nf3 a6 11.h3 Qa5 12.Qc2 Nxe4 13.Qxe4 Bxc3+ 14.Bd2 Bxd2+ 15.Nxd2 Kg7
16.Qxe7 Nf6 17.Qe3 Re8 18.Qc3 Qxc3 19.bxc3 Bf5 20.Kf1 Re7 21.g4 Rae8 22.Bf3
Bd3+ 23.Kg2 Nd7 24.Bd1 Nb6 25.Bb3 a5 26.a4 f5 27.Kg3 Re2 28.Rad1 f4+ 29.Kg2
Nd7 30.Rhg1 g5 31.Ba2 Bc2 {#R} 0-1

[Event "Ch Germany (seniors) (open)"]
[Site "masterchessopen.com Weilburg (Germany)"]
[Round "9"]
[White "Krueger Erich (GER)"]
[Black "Papapostolou Christ (GRE)"]
[Result "1-0"]
[WhiteElo "2240"]
[BlackElo "2073"]

1.d4 Nf6 2.c4 g6 3.Nc3 Bg7 4.e4 d6 5.Be2 O-O 6.Bg5 h6 7.Be3 c6 8.Qd2 Kh7 9.h4
d5 10.h5 g5 11.exd5 cxd5 12.Bd3+ Kh8 13.Bxg5 dxc4 14.Bxc4 Ng4 15.Be3 Nc6
16.Nge2 e5 17.d5 Nxe3 18.fxe3 Na5 19.Bd3 b6 20.e4 a6 21.O-O-O b5 22.Rdf1 b4
23.Nd1 Bd7 24.Ng3 Qb6 25.Ne3 Rac8+ 26.Kb1 Rc3 27.Ngf5 Bxf5 28.Nxf5 Nc4 29.Qe2
Nxb2 30.Kxb2 Rfc8 31.Rc1 Qa5 32.Rxc3 Rxc3 33.Bc2 Qc5 34.Qd2 Bf8 35.d6 b3
36.Qxc3 {#r} 1-0

[Event "Ch Eastern Class"]
[Site "masterchessopen.com Woburn (USA)"]
[Round "1"]
[White "Cherniack Alex (USA)"]
[Black "Atalik Suat (BIH)"]
[Result "0-1"]
[WhiteElo "2270"]
[BlackElo "2585"]

1.d4 Nf6 2.c4 g6 3.Nc3 Bg7 4.e4 d6 5.Be2 O-O 6.Bg5 h6 7.Bf4 Nc6 8.d5 e5 9.Be3
Nd4 10.Bxd4 exd4 11.Qxd4 Re8 12.Qd3 Nd7 13.Nf3 Nc5 14.Qc2 f5 15.Nd2 fxe4
16.Ncxe4 Bf5 17.f3 Qg5 18.g3 Qe3 19.Nf1 Rxe4 20.Nxe3 Rxe3 21.Qd2 Nd3+ 22.Kd1
Nxb2+ 23.Kc1 Rae8 24.Qxe3 Rxe3 25.Kd2 Ra3 26.g4 Bc3+ 27.Ke3 Nxc4+ 28.Bxc4
Bxa1+ 29.Ke2 Rc3 30.gxf5 Rxc4 31.Rxa1 g5 32.Kd3 b5 33.Re1 Kf7 34.Re6 Rh4 35.f6
Rxh2 36.Re7+ Kxf6 37.Rxc7 Rxa2 38.Rh7 Ke5 39.Rxh6 Ra3+ 40.Ke2 b4 {#R} 0-1

[Event "Ch Iceland (team) 1998/99"]
[Site "masterchessopen.com Akureyri (Iceland)"]
[Round "0"]
[White "Petursson Margeir (ISL)"]
[Black "Gretarsson Andri A (ISL)"]
[Result "1-0"]
[WhiteElo "2535"]
[BlackElo "2313"]

1.c4 Nf6 2.Nc3 g6 3.d4 Bg7 4.e4 O-O 5.Be2 d6 6.Bg5 h6 7.Be3 c5 8.e5 dxe5
9.dxe5 Qxd1+ 10.Rxd1 Nfd7 11.f4 Nc6 12.Bf3 Na5 13.b3 Rb8 14.Nge2 Re8 15.Nb5 a6
16.Na7 Nf8 17.Bxc5 b6 18.Bb4 Bb7 19.Kf2 Bxf3 20.Kxf3 Rb7 21.Bxa5 bxa5 22.Nc6
a4 23.Ned4 Nd7 24.b4 e6 25.c5 Bf8 26.Rd3 a5 27.Nxa5 Rxb4 28.Ndc6 Rb5 29.Rxd7
Rxc5 30.Rb1 Rc8 31.Rbb7 R8xc6 32.Nxc6 {#r} 1-0